| 000 -LEADER |
| fixed length control field |
01118cam a22002297i 4500 |
| 003 - CONTROL NUMBER IDENTIFIER |
| control field |
OSt |
| 005 - DATE AND TIME OF LATEST TRANSACTION |
| control field |
20200513130213.0 |
| 008 - FIXED-LENGTH DATA ELEMENTS--GENERAL INFORMATION |
| fixed length control field |
151027t20152015gw a b 001 0 eng d |
| 020 ## - INTERNATIONAL STANDARD BOOK NUMBER |
| International Standard Book Number |
9783955532383 |
| 082 ## - DEWEY DECIMAL CLASSIFICATION NUMBER |
| Classification number |
720.47 |
| 100 1# - MAIN ENTRY--PERSONAL NAME |
| Personal name |
Khouli, Sebastian El, |
| Relator term |
author. |
| 245 10 - TITLE STATEMENT |
| Title |
Sustainable construction techniques : |
| Remainder of title |
from structural design to interior fit-out : assessing and improving the environmental impact of buildings / |
| Statement of responsibility, etc |
Sebastian El khouli, Viola John, Martin Zeumer. |
| 300 ## - PHYSICAL DESCRIPTION |
| Extent |
151 pages : |
| Other physical details |
illustrations (some color) ; |
| Dimensions |
30 cm |
| 490 1# - SERIES STATEMENT |
| Series statement |
Edition DETAIL Green Books |
| 504 ## - BIBLIOGRAPHY, ETC. NOTE |
| Bibliography, etc |
Includes bibliographical references and index. |
| 505 0# - FORMATTED CONTENTS NOTE |
| Formatted contents note |
Sustainable construction techniques: current situation -- Environmental objectives, criteria and assessment methods -- Strategies for material use in the construction process -- Design phases and processes -- Environmental impacts of building components -- Cas studies -- Appendix. |
| 650 #0 - SUBJECT ADDED ENTRY--TOPICAL TERM |
| Topical term or geographic name as entry element |
Sustainable construction. |
| 700 1# - ADDED ENTRY--PERSONAL NAME |
| Personal name |
John, Viola, |
| Relator term |
author. |
| 700 1# - ADDED ENTRY--PERSONAL NAME |
| Personal name |
Zeumer, Martin, |
| Relator term |
author. |
| 830 #0 - SERIES ADDED ENTRY--UNIFORM TITLE |
| Uniform title |
Edition Detail green books. |
| 942 ## - ADDED ENTRY ELEMENTS (KOHA) |
| Source of classification or shelving scheme |
|